00249nam a2200109Ia 4500003000400000005001700004008004100021020001500062040002000077100001900097245002300116OSt20231209101952.0170524s9999 xx 000 0 und d a8175151919 cIIMT UNIVERSITY aBASANDRA- S.K. 0aLOCAL AREA NETWORK